Statistiken für Top-10-Singles von Nena

Klicken Sie hier um das Quiz zu spielen!

Allgemein

  • Dieses Quiz wurde 92 mal gespielt
  • Das Durchschnittsergebnis liegt bei 6 aus 15

Antwortstatistiken

ErscheinungsjahrTitel% Korrekt
198399 Luftballons / 99 Red Balloons
99%
2003Anyplace, Anywhere, Anytime (mit Kim Wilde)
69%
1983Leuchtturm
68%
2003Leuchtturm (Neue Version)
68%
1984Irgendwie, irgendwo, irgendwann
67%
1982Nur geträumt / Just A Dream
53%
2005Liebe ist
40%
2003Wunder gescheh’n (Neue Version mit Ben, Udo Lindenberg & Co.)
27%
1983? (Fragezeichen) / Interrogacion
24%
2005Willst du mit mir geh’n?
17%
1985Feuer und Flamme
13%
2010In meinem Leben
11%
2007Ich kann nix dafür (mit Oliver Pocher & Stephan Remmler)
1%
2002Lieber Gott (Marlon + Friends)
0%
1985Nackt im Wind (mit Band für Afrika)
0%

Verteilung der Resultate

Perzentil nach korrekt beantworteten Fragen

Anzahl Personen mit jedem Resultat

Ihre Resultats-Entwicklung

Sie haben dieses Quiz noch nicht gespielt